| 000 | 00479nam a22001697a 4500 | ||
|---|---|---|---|
| 005 | 20251108164703.0 | ||
| 008 | 250721s2005 xx 000 0 ara d | ||
| 082 | 1 | 4 | _a810.5/جاح |
| 100 | 1 | _aالجاحظ، عمرو بن بحر بن محبوب | |
| 245 | 1 | 0 | _aالبخلاء / |
| 264 | 1 |
_aبيروت : _bدار ابن حزم، _c2005. |
|
| 300 | _a212ص. | ||
| 650 | 1 | 7 | _aالادب العربي |
| 650 | 1 | 7 | _aالعصر العباسي |
| 942 |
_2ddc _cBK |
||
| 999 |
_c11851 _d11851 |
||